| 000 | 00471nam a2200181Ia 4500 | ||
|---|---|---|---|
| 003 | GCL | ||
| 005 | 20240530101157.0 | ||
| 008 | 140319s9999 xx 000 0 eng d | ||
| 040 |
_aGCL / _cGCL |
||
| 082 | 0 | 4 |
_a194 _bN N |
| 100 | 1 | _aNIETZSCHE, FRIEDRICH | |
| 245 | 1 | 0 |
_aLA NAISSANCE DE LA TRAGEDIE / _cNIETZSCHE, FRIEDRICH |
| 260 |
_a[S.N] : _bLE LIVRE DE POCHE ، _c1994 |
||
| 300 | _a218 | ||
| 650 | 0 | 4 | _aPHILOSOPHY |
| 650 | 0 | 4 | _aMODERN PHILOSOPHY |
| 942 |
_2ddc _cBK |
||
| 999 |
_c25439 _d25439 |
||